|
|
|
|
| LEADER |
00000cam a2200000 7i4500 |
| 001 |
0000000784 |
| 005 |
20001005.0 |
| 090 |
0 |
0 |
|a R635.576
|b SEL [1975?]
|
| 245 |
0 |
0 |
|a SELECTED plants and planting for a garden city :
|b Forty shrubs
|
| 260 |
0 |
0 |
|a [Singapore :
|b National Development Division, Ministry of Law and National Development ,
|c 1975?]
|
| 300 |
|
|
|a 87p. :
|b col. ill. ;
|c 25 cm.
|
| 500 |
0 |
0 |
|a Text in English and Chinese
|
| 650 |
0 |
0 |
|a Climbing plants
|z Singapore
|
| 650 |
0 |
0 |
|a Landscape gardening
|z Singapore
|
| 999 |
|
|
|a 0000006433
|b Monograph
|c Reference
|e Default branch
|
| 999 |
|
|
|a 0000006439
|b Monograph
|c Open Shelf
|e Default branch
|